000 00829nam a2200253 i 4500
001 73990
003 BD-RjUL
005 20211209082453.0
008 171207s2014 enkaf 000 0aeng
020 _a9781473605206
020 _a9781473605183
035 _a(BD-RjUL)74208
040 _aDLC
_beng
_cDLC
_erda
_dDLC
041 _aeng
082 _223
_a796.358092
_bTES 2014
100 1 _aTendulkar, Sachin,
_d1973-
_9166601
245 1 0 _aPlaying it my way :
_bmy autobiography /
_cSachin Tendulkar with Boria Majumdar.
300 _ax, 486 pages, 32 unnumbered pages of plates :
_bcolor illustrations ;
_c24 cm
600 1 0 _aTendulkar, Sachin,
_d1973-
_9166601
650 0 _aCricket players
_zIndia
_vBiography.
_9219654
700 1 _aMajumdar, Boria,
_d1976-
_eauthor.
_9219655
942 _2ddc
_cBK
999 _c73990
_d73990